| 000 | 01253cam a22002893a 4500 | ||
|---|---|---|---|
| 001 | 2162 | ||
| 003 | PGUSA | ||
| 005 | 20140828083011.0 | ||
| 008 | 000401s2000||||xxu|||||s|||||000 | eng d | ||
| 040 |
_aPGUSA _beng |
||
| 042 | _adc | ||
| 050 | 4 | _aHX | |
| 100 | 1 |
_aGoldman, Emma, _d1869-1940 |
|
| 245 | 1 | 0 |
_aAnarchism and Other Essays _h[electronic resource] / _cEmma Goldman |
| 260 |
_bProject Gutenberg, _c2000 |
||
| 500 | _aIncludes biographic sketch by Hippolyte Havel. | ||
| 505 | 0 | _aBiographic Sketch Preface -- Anarchism: What It Really Stands For -- Minorities Versus Majorities -- The Psychology of Political Violence -- Prisons: A Social Crime and Failure -- Patriotism: A Menace to Liberty -- Francisco Ferrer and The Modern School -- The Hypocrisy of Puritanism -- The Traffic in Women -- Woman Suffrage -- The Tragedy of Woman's Emancipation -- Marriage and Love -- The Drama: A Powerful Disseminator of Radical Thought. | |
| 506 | _aPublic domain in the USA. | ||
| 516 | _aElectronic text | ||
| 653 | _aWomen -- Social and moral questions | ||
| 653 | _aFeminism | ||
| 653 | _aAnarchism | ||
| 700 | 1 | _aHavel, Hippolyte | |
| 830 | 0 |
_aProject Gutenberg _v2162 |
|
| 856 | 4 | 0 | _uhttp://www.gutenberg.org/ebooks/2162 |
| 942 | _cEB | ||
| 999 |
_c231500 _d231500 |
||